LIBRARY & INFORMATION CENTRE, KCAET, TAVANUR

ONLINE PUBLIC ACCESS CATALOGUE (OPAC)

Himalaya yathra / (Record no. 536)

MARC details
000 -LEADER
fixed length control field 00479cam a2200181ua 4500
041 ## - LANGUAGE CODE
Language code of text/sound track or separate title mal
082 ## - DEWEY DECIMAL CLASSIFICATION NUMBER
Classification number 894.812 803 55
Item number KAL/HI
100 ## - MAIN ENTRY--AUTHOR NAME
Personal name Kalelkar, Kaka .
245 ## - TITLE STATEMENT
Title Himalaya yathra /
260 ## - PUBLICATION, DISTRIBUTION, ETC. (IMPRINT)
Place of publication Kottayam :
Name of publisher Sahitya Pravarthaka Co-operative Society ,
Year of publication 1963.
300 ## - PHYSICAL DESCRIPTION
Number of Pages 317 ; .
650 ## - SUBJECT ADDED ENTRY--TOPICAL TERM
Topical Term Travelogue - Malayalam
942 ## - ADDED ENTRY ELEMENTS (KOHA)
Koha item type Books
Holdings
Withdrawn status Lost status Damaged status Home library Current library Date acquired Full call number Accession Number Koha item type
Withdrawn     KAUAET Malayalam University 07/04/2012 894.812 803 55 1282 Books
free website counter